Facets of commerce / (Record no. 38824)
[ view plain ]
| 000 -LEADER | |
|---|---|
| fixed length control field | 00815nam a22002537a 4500 |
| 005 - DATE AND TIME OF LATEST TRANSACTION | |
| control field | 2010080205235.0 |
| 010 ## - LCCN (DPL NO) | |
| LC control number | ENG-97732 |
| 020 ## - INTERNATIONAL STANDARD BOOK NUMBER | |
| International Standard Book Number | 9788190924689 |
| Terms of availability | 400.00 |
| 035 ## - SYSTEM CONTROL NUMBER | |
| System control number | EN-81265 |
| 037 ## - SOURCE OF ACQUISITION | |
| Source of stock number/acquisition | DBAD/PUB |
| 082 ## - DEWEY DECIMAL CLASSIFICATION NUMBER | |
| Classification number | 380 |
| 245 ## - TITLE STATEMENT | |
| Title | Facets of commerce / |
| Statement of responsibility, etc | edited by M. Ashok Kumar [and] K. Parimala Kanthi |
| 260 ## - PUBLICATION, DISTRIBUTION, ETC. (IMPRINT) | |
| Place of publication, distribution, etc | Hosur |
| Date of publication, distribution, etc | 2010 |
| Name of publisher, distributor, etc | S. S. Publishers |
| 270 ## - ADDRESS | |
| Address | Plot No. 53, Samathanapuram |
| City | Hosur |
| Postal code | 653126 |
| 300 ## - PHYSICAL DESCRIPTION | |
| Extent | 300 p. |
| Dimensions | 26cm (Pbk) |
| 650 ## - SUBJECT ADDED ENTRY--TOPICAL TERM | |
| Topical term or geographic name as entry element | Finance |
| 650 ## - SUBJECT ADDED ENTRY--TOPICAL TERM | |
| Topical term or geographic name as entry element | Commerce |
| 650 ## - SUBJECT ADDED ENTRY--TOPICAL TERM | |
| Topical term or geographic name as entry element | Humun resoure |
| 650 ## - SUBJECT ADDED ENTRY--TOPICAL TERM | |
| Topical term or geographic name as entry element | Marketing |
| 700 ## - ADDED ENTRY--PERSONAL NAME | |
| 9 (RLIN) | 4162 |
| Personal name | M. Ashok Kumar |
| 700 ## - ADDED ENTRY--PERSONAL NAME | |
| Personal name | Kanthi, K. Parimala |
| 9 (RLIN) | 4666 |
| 942 ## - ADDED ENTRY ELEMENTS (KOHA) | |
| Source of classification or shelving scheme | Dewey Decimal Classification |
| Item type | English Books |
| Classification part | 380 |
| Call number suffix | FAC |
| Withdrawn status | Lost status | Not for loan | Collection code | Home library | Current library | Date acquired | Cost, normal purchase price | Full call number | Barcode | Copy number | Cost, replacement price | Koha item type |
|---|---|---|---|---|---|---|---|---|---|---|---|---|
| Not For Loan | Non-fiction | D.B.Act.Division | D.B.Act.Division | 03/08/2010 | 400.00 | 380 FAC | EN-81265 | 1 | 400.00 | English Books |
